000 00610nam a22002177a 4500
003 UA-OsUOA
001 44474
007 ta
008 20070224b un ||||| |||| 00| 0 ukr d
100 _aМіщенко В.
090 _a330(477)
_bМ-11
942 _cSA
040 _aUA-OsUOA
_bukr
_cUA-OsUOA
_dUA-OsUOA
245 _aУдосконалення управління кредитними ризиками при кредитуванні житла
300 _aС.3-14
955 _a0
041 _aukr
080 _a330(477)
773 0 _w44473
650 7 _a330 Економіка взагалі
_2UDC
999 _c330589
_d330589